Beyond Hunger in Africa (Record no. 20529)
[ view plain ]
| 000 -LEADER | |
|---|---|
| fixed length control field | 00556nam a2200193Ia 4500 |
| 003 - CONTROL NUMBER IDENTIFIER | |
| control field | 0100 |
| 005 - DATE AND TIME OF LATEST TRANSACTION | |
| control field | 20190228115434.0 |
| 008 - FIXED-LENGTH DATA ELEMENTS--GENERAL INFORMATION | |
| fixed length control field | 130303s9999 xx 000 0 und d |
| 040 ## - CATALOGING SOURCE | |
| Transcribing agency | ARRUPELIB |
| 050 ## - LIBRARY OF CONGRESS CALL NUMBER | |
| Classification number | HD2129A41990 |
| 300 ## - PHYSICAL DESCRIPTION | |
| Dimensions | 22cm. |
| 245 ## - TITLE STATEMENT | |
| Title | Beyond Hunger in Africa |
| Remainder of title | conventional Wisdom and an African Vision |
| Statement of responsibility, etc | Edited by Chinua Achebe et al. |
| 260 ## - PUBLICATION, DISTRIBUTION, ETC. (IMPRINT) | |
| Place of publication, distribution, etc | Nairobi |
| Name of publisher, distributor, etc | Heinemann Kenya LTD |
| Date of publication, distribution, etc | 1990 |
| 300 ## - PHYSICAL DESCRIPTION | |
| Extent | xii, 148p. ; |
| 650 ## - SUBJECT ADDED ENTRY--TOPICAL TERM | |
| Topical term following geographic name as entry element | economic forecasting |
| Geographic subdivision | Africa |
| 9 (RLIN) | 44893 |
| 651 ## - SUBJECT ADDED ENTRY--GEOGRAPHIC NAME | |
| Geographic name | Africa |
| General subdivision | Economic policy |
| 9 (RLIN) | 12207 |
| 651 ## - SUBJECT ADDED ENTRY--GEOGRAPHIC NAME | |
| Geographic name | Africa |
| General subdivision | Economic conditions |
| Chronological subdivision | 1960- |
| 9 (RLIN) | 3231 |
| 700 ## - ADDED ENTRY--PERSONAL NAME | |
| Personal name | with a foreword by Akin L. Mabogunje , Hyden, GoranMagadza, ChristopherOkeyo, Achola Pala |
| 9 (RLIN) | 44894 |
| 942 ## - ADDED ENTRY ELEMENTS (KOHA) | |
| Source of classification or shelving scheme | Library of Congress Classification |
| Koha item type | Monograph ( Printed materials) |
| Withdrawn status | Lost status | Source of classification or shelving scheme | Damaged status | Not for loan | Collection code | Home library | Current library | Shelving location | Date acquired | Total Checkouts | Full call number | Barcode | Date last seen | Date checked out | Copy number | Price effective from | Koha item type |
|---|---|---|---|---|---|---|---|---|---|---|---|---|---|---|---|---|---|
| Library of Congress Classification | Main Collection | ARRUPE LIBRARY | ARRUPE LIBRARY | Main Collection | 04/03/2013 | 3 | HD2129.A4 1990 | 46600003963 | 28/02/2019 | 06/02/2017 | 1 | 04/03/2013 | Monograph ( Printed materials) | ||||
| Library of Congress Classification | Main Collection | ARRUPE LIBRARY | ARRUPE LIBRARY | Main Collection | 24/05/2022 | HD2129A41990 | 46600008729 | 24/05/2022 | 24/05/2022 | Monograph ( Printed materials) |